000 00687nam a2200229 a 4500
001 12329
003 CO-ViMGA
008 141112s2004 ck r 000 u spa d
020 _a8471665840
040 _aCO-ViMGA
_bspa
_cCO-ViMGA
082 0 4 _a236.2 M66r
100 1 _aMoody, Raymond A.
_917591
245 1 0 _aReflexiones sobre vida después de la vida
260 _aMadrid :
_bDistribuciones,
_c1977
300 _a166p.
490 _aNuevos Temas
590 _aForma de adquisición : DONACION - - Proveedor : RAFAEL SALAMANCA - - Fecha de adquisición : 31 - 01 - 2001
650 1 4 _aCASOS
_917592
650 1 4 _aINFORMES
_917593
650 1 4 _aVIDA FUTURA
_917594
942 _2ddc
_cBK
999 _c23339
_d23339